000 00528nam a2200157 i 4500
001 82931
003 ES-MaACL
005 20230906174744.0
007 t|
008 041112s1980 sp s ||||1| spa d
245 0 0 _aCenso industrial de España 1978
_b: establecimientos industriales : serie provincial : Madrid /
_cInstituto Nacional de Estadística.
260 _a[Madrid :
_bs.n.,
_c1980]
300 _a91 p. ;
_c29 cm.
710 2 _aInstituto Nacional de Estadística (España)
_95162
852 _aES-MaACL
_jC-2522
_bR.100313
999 _c82931
_d82931